<?xml version="1.0" encoding="UTF-8"?>
<record
    xmlns:xsi="http://www.w3.org/2001/XMLSchema-instance"
    xsi:schemaLocation="http://www.loc.gov/MARC21/slim http://www.loc.gov/standards/marcxml/schema/MARC21slim.xsd"
    xmlns="http://www.loc.gov/MARC21/slim">

  <leader>02466cam a2200337 a 4500</leader>
  <controlfield tag="001">unk83073744 </controlfield>
  <controlfield tag="003">DLC</controlfield>
  <controlfield tag="005">20260227112801.0</controlfield>
  <controlfield tag="008">861002s1968    ii a     b    010 0 eng  </controlfield>
  <datafield tag="010" ind1=" " ind2=" ">
    <subfield code="a">unk83073744 </subfield>
    <subfield code="z">sa 68008292 </subfield>
  </datafield>
  <datafield tag="040" ind1=" " ind2=" ">
    <subfield code="a">DLC</subfield>
    <subfield code="c">DLC</subfield>
  </datafield>
  <datafield tag="041" ind1="1" ind2=" ">
    <subfield code="a">eng</subfield>
    <subfield code="h">san</subfield>
  </datafield>
  <datafield tag="043" ind1=" " ind2=" ">
    <subfield code="a">az-----</subfield>
    <subfield code="a">ae-----</subfield>
    <subfield code="a">ac-----</subfield>
  </datafield>
  <datafield tag="050" ind1="0" ind2="0">
    <subfield code="a">PJ26</subfield>
    <subfield code="b">.V5 1968</subfield>
  </datafield>
  <datafield tag="245" ind1="0" ind2="0">
    <subfield code="a">Studies in South, East, and Central Asia :</subfield>
    <subfield code="b">presented as a memorial volume to the late Professor Raghu Vira /</subfield>
    <subfield code="c">by members of the Permanent International Altaistic Conference and edited by Denis Sinor.</subfield>
  </datafield>
  <datafield tag="260" ind1=" " ind2=" ">
    <subfield code="a">New Delhi :</subfield>
    <subfield code="b">International Academy of Indian Culture,</subfield>
    <subfield code="c">1968.</subfield>
  </datafield>
  <datafield tag="300" ind1=" " ind2=" ">
    <subfield code="a">xxxi, 276 p. :</subfield>
    <subfield code="b">ill. ;</subfield>
    <subfield code="c">29 cm.</subfield>
  </datafield>
  <datafield tag="490" ind1="1" ind2=" ">
    <subfield code="a">&#x15A;ata-pi&#x1E6D;aka series ;</subfield>
    <subfield code="v">v. 74 =</subfield>
    <subfield code="a">&#x15A;atapi&#x1E6D;akam</subfield>
  </datafield>
  <datafield tag="546" ind1=" " ind2=" ">
    <subfield code="a">English, French, and German.</subfield>
  </datafield>
  <datafield tag="500" ind1=" " ind2=" ">
    <subfield code="a">Translation (from Sanskrit) of the Da&#x15B;abh&#x16B;m&#x12B;&#x15B;vara, by M. Honda: p. 115-276.</subfield>
  </datafield>
  <datafield tag="504" ind1=" " ind2=" ">
    <subfield code="a">"Bibliography ... [of] important books and articles of Professor Raghu Vira": p. xix-xxxi.</subfield>
  </datafield>
  <datafield tag="504" ind1=" " ind2=" ">
    <subfield code="a">Includes bibliographical references.</subfield>
  </datafield>
  <datafield tag="505" ind1="0" ind2=" ">
    <subfield code="a">Professor Raghu Vira, a vast sweep of vision / by S.K. Chatterji -- Prof. Raghu Vira, the Vedisant / by N. Tsuji -- Prof. Raghu Vira and Mongolian studies / by N. Poppe -- Bibliography -- Conditionals in Buddhist Sanskrit / by P. Aalto -- Recherches sur les principes l&#xE9;gaux des trait&#xE9;s internationaux des T'ang / par F.A. Bischoff -- Bruchst&#xFC;cke einer buddhistischen Schrift &#xFC;ber die S&#xFC;ndenfolgen aus den mongolischen Turfan-Fragmenten / von H. Franke -- A rare Mongolian Bodhicary&#x101;vat&#x101;ra-ms. in New Delhi / by W. Heissig -- Die tibetischen Lehnworte im Kalm&#xFC;ckischen / von J.R. Krueger -- &#xDC;ber die Worte &#x1F0;igur-e (h)Ag&#x333;ulg&#x333;an in dem Brief des Ilkhan Arg&#x333;un / von S. Murayama -- On the quotations of ritualistic teachers in the &#x15A;rautas&#x16B;tras of L&#x101;&#x1E6D;y&#x101;yana and Dr&#x101;hyay&#x101;&#x1E47;a / by A. Parpola -- &#xDC;ber ein weltich-geistliches Disziplinarverfahren in der Khalkha-Mongolei, 1869, von K. Sagaster -- Some remarks on Manchu poetry / by D. Sinor -- Annotated translation of the Da&#x15B;abh&#x16B;mika-s&#x16B;tra / by M. Honda, rev. by J. Rahder.</subfield>
  </datafield>
  <datafield tag="650" ind1=" " ind2="0">
    <subfield code="a">Buddhist literature.</subfield>
  </datafield>
  <datafield tag="700" ind1="0" ind2=" ">
    <subfield code="a">Raghu Vira.</subfield>
  </datafield>
  <datafield tag="700" ind1="1" ind2=" ">
    <subfield code="a">Sinor, Denis.</subfield>
  </datafield>
  <datafield tag="700" ind1="1" ind2=" ">
    <subfield code="a">Honda, Megumu,</subfield>
    <subfield code="d">1930-</subfield>
  </datafield>
  <datafield tag="710" ind1="2" ind2=" ">
    <subfield code="a">Permanent International Altaistic Conference (Organization)</subfield>
  </datafield>
  <datafield tag="730" ind1="0" ind2="2">
    <subfield code="a">Tripi&#x1E6D;aka.</subfield>
    <subfield code="p">S&#x16B;trapi&#x1E6D;aka.</subfield>
    <subfield code="p">Avata&#x1E43;sakas&#x16B;tra.</subfield>
    <subfield code="p">Da&#x15B;abh&#x16B;mikas&#x16B;tra.</subfield>
    <subfield code="l">English.</subfield>
  </datafield>
  <datafield tag="830" ind1=" " ind2="0">
    <subfield code="a">&#x15A;ata-pi&#x1E6D;aka series ;</subfield>
    <subfield code="v">v. 74.</subfield>
  </datafield>
  <datafield tag="999" ind1=" " ind2=" ">
    <subfield code="c">91486</subfield>
    <subfield code="d">91486</subfield>
  </datafield>
</record>
